<?xml version="1.0" encoding="UTF-8"?>
<record
    xmlns:xsi="http://www.w3.org/2001/XMLSchema-instance"
    xsi:schemaLocation="http://www.loc.gov/MARC21/slim http://www.loc.gov/standards/marcxml/schema/MARC21slim.xsd"
    xmlns="http://www.loc.gov/MARC21/slim">

  <leader>01129nam a22001457a 4500</leader>
  <datafield tag="999" ind1=" " ind2=" ">
    <subfield code="c">526160</subfield>
    <subfield code="d">526160</subfield>
  </datafield>
  <controlfield tag="008">240514b           ||||| |||| 00| 0 eng d</controlfield>
  <datafield tag="100" ind1=" " ind2=" ">
    <subfield code="a">Thakur, D., Dubey, N.P. and Singh, R. </subfield>
    <subfield code="9">52340</subfield>
  </datafield>
  <datafield tag="245" ind1=" " ind2=" ">
    <subfield code="a">Drug-facilitated sexual assault (DFSA): An emerging crime in India </subfield>
  </datafield>
  <datafield tag="260" ind1=" " ind2=" ">
    <subfield code="a">Indian Police Journal  </subfield>
  </datafield>
  <datafield tag="300" ind1=" " ind2=" ">
    <subfield code="a">69(4), Oct-Dec, 2024: p.51-58</subfield>
  </datafield>
  <datafield tag="520" ind1=" " ind2=" ">
    <subfield code="a"> DFSA is the major crime among DFC or crimes against women in India. For several reasons described in this review, this offense has been overshadowed. Despite this, forensic science laboratories and social media report many instances. This article is structured to develop essential awareness of the crime and its pattern by identifying the ignorance concerning this risky scenario. The comprehensive strategy to removing the threat has received particular attention. Dissemination of the shortfalls and viable solutions in the scientific community can aid in eradicating the menace through collaborative efforts. Reproduced 

https://bprd.nic.in/uploads/pdf/October-December_2022.pdf
</subfield>
  </datafield>
  <datafield tag="773" ind1=" " ind2=" ">
    <subfield code="a">Indian Police Journal  </subfield>
  </datafield>
  <datafield tag="906" ind1=" " ind2=" ">
    <subfield code="a">CRIMES</subfield>
  </datafield>
  <datafield tag="942" ind1=" " ind2=" ">
    <subfield code="c">AR</subfield>
  </datafield>
  <datafield tag="952" ind1=" " ind2=" ">
    <subfield code="0">0</subfield>
    <subfield code="1">0</subfield>
    <subfield code="2">ddc</subfield>
    <subfield code="4">0</subfield>
    <subfield code="7">0</subfield>
    <subfield code="9">401232</subfield>
    <subfield code="a">IIPA</subfield>
    <subfield code="b">IIPA</subfield>
    <subfield code="d">2024-05-14</subfield>
    <subfield code="h">69(4), Oct-Dec, 2024: p.51-58</subfield>
    <subfield code="p">AR131907</subfield>
    <subfield code="r">2024-05-14</subfield>
    <subfield code="y">AR</subfield>
  </datafield>
</record>
